<?xml version="1.0" encoding="UTF-8"?>
<collection xmlns="http://www.loc.gov/MARC21/slim">
  <record>
    <leader>00000nam  2200000   4500</leader>
    <controlfield tag="001">INLIS000000000016763</controlfield>
    <controlfield tag="005">20240130024535</controlfield>
    <datafield tag="035" ind1="#" ind2="#">
      <subfield code="a">0010-0124000080</subfield>
    </datafield>
    <controlfield tag="007">ta</controlfield>
    <controlfield tag="008">240130################|##########|#|##</controlfield>
    <datafield tag="084" ind1="#" ind2="#">
      <subfield code="a">R 089 LATSAR 2021</subfield>
    </datafield>
    <datafield tag="100" ind1=" " ind2="#">
      <subfield code="a">Dimas Aji Pangestu Alendra</subfield>
    </datafield>
    <datafield tag="245" ind1="1" ind2="#">
      <subfield code="a">Pengembangan Dan Penerapan Digitalisasi Data Penanganan Pelanggaran Terintegrasi Menggunakan Google Workspace Di Bawaslu Provinsi Banten /</subfield>
      <subfield code="c">Dimas Aji Pangestu Alendra</subfield>
    </datafield>
    <datafield tag="250" ind1="#" ind2="#">
      <subfield code="a">1</subfield>
    </datafield>
    <datafield tag="260" ind1="#" ind2="#">
      <subfield code="a">Jakarta :</subfield>
      <subfield code="b">Pusbangkader,</subfield>
      <subfield code="c">2021</subfield>
    </datafield>
    <datafield tag="300" ind1="#" ind2="#">
      <subfield code="a">70 halaman ;</subfield>
      <subfield code="c">30 cm</subfield>
    </datafield>
    <datafield tag="650" ind1="#" ind2="4">
      <subfield code="a">Digitalisasi data</subfield>
    </datafield>
    <datafield tag="520" ind1="#" ind2="#">
      <subfield code="a">Penulis memiliki gagasan tentang bagaimana untuk mengelola data penanganan pelanggaran pemilu yang begitu untuk menjadi sederhana dan efisies. Pengolahan data ini sering mengalami masalah seperti data yang terlalu dinamis dan sering berubah karena perbedaan pemahaman format di Bawaslu Kabupaten/Kota di Provinsi Banten.</subfield>
    </datafield>
    <datafield tag="856" ind1="#" ind2="#">
      <subfield code="a">Perpustakaan LAN Pusat</subfield>
    </datafield>
    <datafield tag="990" ind1="#" ind2="#">
      <subfield code="a">23.11.089</subfield>
    </datafield>
  </record>
</collection>
